AH International Schools' Libraries

Pangolina / (Record no. 42556)

MARC details
000 -LEADER
fixed length control field 00453nam a2200157 4500
005 - DATE AND TIME OF LATEST TRANSACTION
control field 20210817080635.0
020 ## - INTERNATIONAL STANDARD BOOK NUMBER
International Standard Book Number 9781662650406
100 ## - MAIN ENTRY--PERSONAL NAME
Personal name Goodall, Jane
Relator term author.
9 (RLIN) 33838
245 ## - TITLE STATEMENT
Title Pangolina /
Statement of responsibility, etc Jane Goodall ; pictures by Daishu Ma.
250 ## - EDITION STATEMENT
Edition statement First editon.
260 ## - PUBLICATION, DISTRIBUTION, ETC. (IMPRINT)
Place of publication, distribution, etc New York :
Name of publisher, distributor, etc Minedition,
Date of publication, distribution, etc 2021.
300 ## - PHYSICAL DESCRIPTION
Extent unpaged.
650 ## - SUBJECT ADDED ENTRY--TOPICAL TERM
Topical term or geographic name as entry element Pangolins.
9 (RLIN) 79404
700 ## - ADDED ENTRY--PERSONAL NAME
Personal name Ma, Daishu
Relator term Illustrator.
9 (RLIN) 79405
942 ## - ADDED ENTRY ELEMENTS (KOHA)
Source of classification or shelving scheme
Koha item type Book
Edition first editon.
Holdings
Withdrawn status Lost status Source of classification or shelving scheme Damaged status Not for loan Home library Current library Date acquired Total Checkouts Full call number Barcode Date last seen Price effective from Koha item type
          Logos International School Logos International School 08/16/2021   E GOO 39054221 08/16/2021 08/16/2021 Book

For any Logos Library related questions please contact Miss Art at swongnarasuk@asianhope.org.

For any Asian Hope Library related questions please contact Miss Raza at graza@asianhope.org.

Powered by Koha